Besançon - Choix multiples - Statistiques

Statistiques générales
  • Ce quiz a été pris 258 fois
  • Le résultat moyen est 8 sur 10
Statistiques - réponses
Question Réponse % Correct
De quelle région culturelle et historique Besançon est la capitale? Franche-Comté
100%
Quel cours d'eau traverse Besançon? Le Doubs
98%
Quelle est le monument principal de la ville? Sa citadelle de Vauban
96%
Quelle industrie a fait prospérer la ville à partir du XVIIIème siècle? L'horlogerie
92%
Quel grand écrivain français est né à Besançon? Victor Hugo
92%
Quel est le surnom du centre historique? La boucle
85%
Le centre historique est majoritairement bâti dans une pierre très distinctive, la pierre de Chailluz: sur laquelle de ces images figure elle?
84%
Comme Rome, Besançon... Est entourée de sept collines
75%
De France, Besançon a le plus vieux... Musée
60%
Besançon a été fondée sous le nom de Vesontio par les... Séquanes
13%
Aucun quiz correspondant
Distribution des résultats
% des personnes avec chaque résultat
Percentile par nombre de réponses
Votre historique - résultats
Vous n’avez pas pris ce quiz